| 000 | 00677nam a2200241 a 4500 | ||
|---|---|---|---|
| 001 | 7137 | ||
| 003 | BD-RjUL | ||
| 005 | 20211208234353.0 | ||
| 008 | 14 t1937 us a 001 0 eng d | ||
| 035 | _a(BD-RjUL)7179 | ||
| 040 |
_aBD-RjUL _beng _cBD-RjUL |
||
| 041 | _aeng | ||
| 082 | 0 | 4 |
_216 _a512.2 _bCAI 1937 |
| 100 | 1 |
_aCarmichael, Robert Daniel, _d1879- _922331 |
|
| 245 | 0 | 0 |
_aIntroduction to the theory of groups of finite order / _cby Robert D. Carmichael |
| 260 |
_aNew York : _bDover, _cc1937 |
||
| 300 |
_axiv, 447 p. ; _c21 cm. |
||
| 504 | _aIncludes index. | ||
| 650 | 0 |
_aGroup theory _920343 |
|
| 942 |
_2ddc _cBK |
||
| 999 |
_c7137 _d7137 |
||